Winning resumes and successful interviews / (Record no. 71661)

MARC details
000 -LEADER
fixed length control field 01000nam a22002537a 4500
005 - DATE AND TIME OF LATEST TRANSACTION
control field 20121127110921.0
008 - FIXED-LENGTH DATA ELEMENTS--GENERAL INFORMATION
fixed length control field 121127t xxu||||| |||| 00| 0 eng d
010 ## - LCCN (DPL NO)
LC control number ENG-106311
020 ## - INTERNATIONAL STANDARD BOOK NUMBER
Terms of availability 195.00
International Standard Book Number 9781259005060
020 ## - INTERNATIONAL STANDARD BOOK NUMBER
Terms of availability 195.00
International Standard Book Number 1259005062
035 ## - SYSTEM CONTROL NUMBER
System control number EN-89844
037 ## - SOURCE OF ACQUISITION
Source of stock number/acquisition DBAD/PUB
040 ## - CATALOGING SOURCE
Original cataloging agency DPL
Language of cataloging Eng
082 ## - DEWEY DECIMAL CLASSIFICATION NUMBER
Classification number 650.142
100 ## - MAIN ENTRY--PERSONAL NAME
Personal name Bhargava, Munish
9 (RLIN) 53852
245 ## - TITLE STATEMENT
Title Winning resumes and successful interviews /
Statement of responsibility, etc by Munish Bhargava
260 ## - PUBLICATION, DISTRIBUTION, ETC. (IMPRINT)
Place of publication, distribution, etc Delhi
Name of publisher, distributor, etc Tata McGraw Hill
Date of publication, distribution, etc 2012
270 ## - ADDRESS
Address 7 West Patel Nagar
City Delhi
Postal code 110008
300 ## - PHYSICAL DESCRIPTION
Extent x,223p.
Dimensions 21cm(pbk)
942 ## - ADDED ENTRY ELEMENTS (KOHA)
Source of classification or shelving scheme Dewey Decimal Classification
Item type English Books
Call number suffix BHA
Classification part 650.142
Holdings
Withdrawn status Lost status Source of classification or shelving scheme Damaged status Not for loan Collection code Home library Current library Date acquired Cost, normal purchase price Total Checkouts Full call number Barcode Date last seen Cost, replacement price Koha item type
    Dewey Decimal Classification     Non-fiction D.B.Act.Division D.B.Act.Division 27/11/2012 195.00   650.142 BHA EN-89844 27/11/2012 195.00 English Books

© Delhi Public Library
Hit Counter
free hit counter